Pecado y delito en la colonia La bestialidad como una forma de contravención sexual 1740-1808 (Registro nro. 19769)

Detalles MARC
000 -ENCABEZADO
Número de control [NR] 01138nam a2200277Ia 4500
005 - FECHA Y HORA DE LA ÚLTIMA TRANSACCIÓN
control field 20240718122632.0
008 - DE LONGITUD FIJA DE DATOS DE ELEMENTOS - INFORMACIÓN GENERAL
Elementos de longitud fija [NR] 130821s1994 ck gr spa
020 ## - NUMERO INTERNACIONAL NORMALIZADO PARA LIBROS [R]
Número Internacional Normalizado del libro [NR] 9589004342
040 ## - FUENTE DE CATALOGACION [NR]
Agencia de catalogación original [NR] Co-BoUCM
Idioma de catalogación [NR] spa
Quien Cataloga Sandra Yazo (modificó)
Quien Clasifica Sandra Yazo (modificó)
041 ## - CODIGO DE IDIOMA [R]
Código de idioma para texto/pista de sonido o título separado [R] Español
082 ## - NUMERO DE CLASIFICACION DECIMAL DEWEY [R]
Número de clasificación [R] 986.102
Número del ítem [NR] V34 1a. ed.
100 ## - ASIENTO PRINCIPAL--NOMBRE PERSONAL [NR]
Nombre personal [NR] Vega Umbasia, Leonardo Alberto
ID Autoridad 118104
245 ## - MENCION DE TITULO [NR]
Título [NR] Pecado y delito en la colonia La bestialidad como una forma de contravención sexual 1740-1808
Mención de responsabilidad, etc. [NR] Leonardo Alberto Vega Umbasia ; Instituto Colombiano de Cultura Hispanica
250 ## - MENCION DE EDICION [NR]
Mención de edición [NR] 1a. ed.
260 ## - PUBLICACION, DISTRIBUCION, ETC. (PIE DE IMPRENTA) [R]
Lugar de publicación, distribución, etc. [R] Bogotá (Cundinamarca, Colombia)
Nombre del editor, distribuidor, etc. [R] El Instituto
Fecha de publicación, distribución, etc. [R] 1994
300 ## - DESCRIPCION FISICA [R]
Extensión [R] 125 páginas
490 ## - MENCION DE SERIE [R]
Mención de serie [R] Colección de Historia Colonial, título II
650 04 - ASIENTO SECUNDARIO DE MATERIA - TERMINO TEMATICO [R]
Término temático o nombre geográfico como elemento de entrada [NR] Delitos sexuales
9 (RLIN) 12602
650 04 - ASIENTO SECUNDARIO DE MATERIA - TERMINO TEMATICO [R]
Término temático o nombre geográfico como elemento de entrada [NR] Delitos sexuales
Subdivisión general [R] Historia
Subdivisión geográfica [R] Colombia
9 (RLIN) 12602
650 04 - ASIENTO SECUNDARIO DE MATERIA - TERMINO TEMATICO [R]
Término temático o nombre geográfico como elemento de entrada [NR] Historia colonia
Subdivisión cronológica [R] 1550-1810
9 (RLIN) 118105
650 04 - ASIENTO SECUNDARIO DE MATERIA - TERMINO TEMATICO [R]
Término temático o nombre geográfico como elemento de entrada [NR] Pecado
9 (RLIN) 21209
651 ## - ASIENTO SECUNDARIO DE MATERIA - NOMBRE GEOGRAFICO [R]
Nombre geográfico [NR] Colombia
9 (RLIN) 26889
651 ## - ASIENTO SECUNDARIO DE MATERIA - NOMBRE GEOGRAFICO [R]
Nombre geográfico [NR] Colombia
Subdivisión general [R] Historia
Subdivisión cronológica [R] Colonia
-- 1550-1810
9 (RLIN) 26606
700 ## - ASIENTO SECUNDARIO - NOMBRE PERSONAL [R]
Nombre personal [NR] Instituto Colombiano de Cultura Hispanica
9 (RLIN) 117668
942 ## - ELEMENTOS DE ENTRADA AGREGADOS (KOHA)
Tipo de ítem principal el descrito en 300a Libro
Tema principal 21
Edición 1
Parte restante de la signatura top. V34
Sistema de clasificación DEWEY
Clasificación 986.102
Existencias
Suprimido Perdido Sistema de clasificación Dañado No prestable Tipo de ítem específico Ubicación habitual Ubicación actual Localización Fecha de creación Costo Volúmen / Fascículo Total préstamos Total Renewals Signatura topográfica Código de barras Última vez visto Fecha de último préstamo Ejemplar Price effective from Tipo de ítem Nota pública (OPAC)
    DEWEY     Libro Archivo Histórico Archivo Histórico Archivo histórico 28/02/2003 1000.00 1A. ED. 18 14 986.102 V34 100039990 17/12/2018 16/11/2016 Ej.1 03/02/2013 Libro TRANSFERENCIA CRAI C3